Statistics for Countries that (will) border the East African Federation

Click here to take the quiz!

General Stats

  • This quiz has been taken 31 times
  • The average score is 8 of 8

Answer Stats

HintAnswer% Correct
WestDemocratic Republic of the Congo
100%
NorthEastEthiopia
97%
SouthMozambique
97%
NorthEastSomalia
97%
NorthSudan
97%
SouthWestZambia
97%
SouthWestMalawi
93%
WestCentral African Republic
90%

Score Distribution

Percentile by Number Answered

Percent of People with Each Score

Your Score History

You have not taken this quiz